Регионална библиотека "Любен Каравелов" - Русе

Ръководство за упражнения по микробиология (Запис номер 127091)

MARC детайли
000 -Лидер
Контролно поле с фиксирана дължина 01713nam a2200349 c 4500
003 - Код на организацията, давaща контролен номер
Контролно поле BLK
005 - Дата и час на последна редакция
Контролно поле 20180422111235.0
008 - Елементи от данни с фиксирана дължина
fixed length control field 180409b bul|||||r ||||||| ||bul||
010 ## - Наследен системен номер
LC control number KNG00132789000
040 ## - Източник на каталожния запис
Идентификатор на билиотеката - собственик на записа BLK
041 ## - Код за език
Код за езика на текст/звукозапис или на отделно заглавие Български
Код за езика КДБФ Български
080 ## - УДК
Текстов определител УДК Микробиология. Вж и 663
УДК код - определител по УДК 579
УДК определител (075.8)
УДК - код + определител 579(075.8)
100 1# - Редна дума - Автор
Автор Бешков, Милен Николов
Авторска отговорност първи автор
R(LIN) 286759
139 ## - Редно поле
Редна дума Бешков, Милен Николов и др.
Авторски знак Беш - Б 43
245 10 - Сведения за заглавието
Заглавие Ръководство за упражнения по микробиология
Подзаглавни данни За студентите от ВИХВП - Пловдив
Редно поле (дума) Милен Николов Бешков; съавт. Елена Атанасова Карова; съавт. Иван Димов Мургов.
250 ## - Област на изданието
Сведения за изданието 3. прераб. и доп. изд.
257 ## - Страна на издаване
Страна на създаване/издаване България
260 ## - Област на издателските данни
-- София
Име на издателя, разпространителя и проч. Земиздат
Година на издаване 1986
Печатница Пловдив : Д. Благоев
300 ## - Физическа характеристика
Страници 156 с.
Илюстрации и др. с ил.
Размери/Мащаб 24 см
380 ## - Жанр
Жанр Естествени науки. Математика
500 ## - Общи забележки
Забележка 1. изд. 1970 със загл. Практическо ръководство по микробиология. - 2 284 тир. - Библиогр. с. 152-153.
650 #4 - Допълнително описание по предмет – тема
Основно описание – тема или топоним Микробиология - учебници за ВУЗ
9 (RLIN) 242072
653 ## - Ключова дума – ненормативна
Ключова дума микробиология
653 ## - Ключова дума – ненормативна
Ключова дума учебници за ВУЗ
700 1# - Други автори (авторска отговорност)
Лично име Карова, Елена Атанасова
Автороска отговорност (Описва отношението между автора и произведението) съавт.
9 (RLIN) 377727
700 1# - Други автори (авторска отговорност)
Лично име Мургов, Иван Димов
Автороска отговорност (Описва отношението между автора и произведението) съавт.
9 (RLIN) 374380
852 ## - Местоположение
Форматна сигнатура Цб 144360
856 4# - Електронен адрес и достъп
Електронен формат pdf - файл
Път до файла /url/
856 4# - Електронен адрес и достъп
Електронен формат pdf - файл
Път до файла /url/
942 ## - АРТИКУЛИ
Вид на библиотечния материал Книги
Скрит в OPAC Не
944 ## - СЪЗДАВАНЕ И РЕДАКЦИЯ на ЗАПИСА
Създаване/Редакция Създаване
Дата на регистрацията/редакция 13.08.2012
Статус, дата на статуса 13.08.2012 - от С1,Р / 13.08.2012
Служител, извършил регистрацията/редакцията Наталия_Медовщикова
944 ## - СЪЗДАВАНЕ И РЕДАКЦИЯ на ЗАПИСА
Създаване/Редакция Редакция
Дата на регистрацията/редакция 03.10.2013
Статус, дата на статуса 13.08.2012 - от С1,Р / 13.08.2012
Служител, извършил регистрацията/редакцията
999 ## - СИСТЕМНИ КОНТРОЛНИ НОМЕРА
Koha biblionumber 127091
Koha biblioitemnumber 127091
Наличности
Код за отписване Код за изгубен артикул Източник на класификационната схема Код за повреда Коз за рестрикции Код за отдаване Артикулен № Име на библиотеката - собственик Име на библиотеката, в която се намира в момента Статус (Текущо местоположение) Дата на вписване в системата Местоположение - отдел Цена в лева Инвентарен номер Систематично азбучна сигнатура Баркод Номер на екземпляра Цена в евро Служебна бележка Служебен тип на артикула
  Не е изгубен Universal Decimal Classification Не е повреден без рестрикции ползва се в читалня 206832 Регионална библиотека "Любен Каравелов" Русе Регионална библиотека "Любен Каравелов" Русе Хранилище 1986-01-01 Хранилище 0.82 457916 Цб 144360 120000457916 1 0.42 N: стар фонд Дата: 01.01.1986 Книги
Изтеглен Не е изгубен Universal Decimal Classification Не е повреден без рестрикции заемане за дома 206833 Регионална библиотека "Любен Каравелов" Русе Регионална библиотека "Любен Каравелов" Русе Заемна - подръчен фонд 1986-01-01 Заемна - подръчен фонд 0.82 460808 П 579/Б 43 460808 2 0.42 Дост: Pk Вид: Ф N: стар фонд Дата: 01.01.1986 Книги
Vip Innovations Ltd, Rousse, Bulgaria 2025